| 000 | 00471cam a2200193ua 4500 | ||
|---|---|---|---|
| 001 | 7165 | ||
| 008 | 141127n ii |||gr||||Z||||||eng | ||
| 020 | _a8125916156 | ||
| 040 | _cMAIN | ||
| 041 | _aeng | ||
| 082 | _a371 | ||
| 100 |
_aAggarwal, J.C., _eAuthor. |
||
| 245 | 1 |
_ateacher and education in a developing society _cBy J.C.Aggarwal |
|
| 250 | _a4th rev. | ||
| 260 |
_aNew Delhi: _bVikas, _c2004. |
||
| 300 | _a572p. | ||
| 653 | _aTeacher education | ||
| 942 | _cBK | ||
| 999 |
_c6291 _d6291 |
||